Concise Dictionary of American biography / (Record no. 137005)

MARC details
000 -LEADER
fixed length control field 00611nam a2200205 4500
010 ## - LIBRARY OF CONGRESS CONTROL NUMBER
LC control number A-821680
020 ## - INTERNATIONAL STANDARD BOOK NUMBER
International Standard Book Number 1855013703
035 ## - SYSTEM CONTROL NUMBER
System control number A-821680
037 ## - SOURCE OF ACQUISITION
Source of stock number/acquisition Cen Lib / Ret
040 ## - CATALOGING SOURCE
Original cataloging agency DPL
Language of cataloging En
082 ## - DEWEY DECIMAL CLASSIFICATION NUMBER
Classification number 920.003
Item number COM
100 ## - MAIN ENTRY--PERSONAL NAME
Personal name Moore, Edwin
245 ## - TITLE STATEMENT
Title Concise Dictionary of American biography /
Statement of responsibility, etc by Edwin Moore
260 ## - PUBLICATION, DISTRIBUTION, ETC. (IMPRINT)
Place of publication, distribution, etc London
Name of publisher, distributor, etc Tiger Books International
Date of publication, distribution, etc 1993
270 ## - ADDRESS
Address Tiger Books International
City London
300 ## - PHYSICAL DESCRIPTION
Extent 448p ;
Dimensions 23cm(Hb)
650 ## - SUBJECT ADDED ENTRY--TOPICAL TERM
Topical term or geographic name as entry element United States -- Biography -- Dictionaries.
650 ## - SUBJECT ADDED ENTRY--TOPICAL TERM
Topical term or geographic name as entry element United States.
942 ## - ADDED ENTRY ELEMENTS (KOHA)
Source of classification or shelving scheme Dewey Decimal Classification
Koha item type English Books
Classification part 920.003
Call number suffix COM
Holdings
Withdrawn status Lost status Damaged status Not for loan Home library Current library Date acquired Source of acquisition Total Checkouts Full call number Barcode Date last seen Copy number Price effective from Koha item type
        Central Library Central Library 14/03/2016 Cen Lib/Ret   920.003 COM A-821680 14/03/2016 1 14/03/2016 English Books

© Delhi Public Library
Hit Counter
free hit counter